LEADER 01049nam a2200241 i 4500 001 000000062886 003 CaOOAMICUS 005 20100212000000.0 008 100212s1964 xx u000 u fre u 013 $a34058 040 $aSeMil$bita 100 1 $aPeryguère, Albert <-1959>.$0(OLS)http://semarc/name/31801 245 13$aLe temps de Nazareth :$bmystique d'une vocation /$cAlbert Peryguère ; introduction et présentation de Michel Lafon. 260 $aParis :$bEd. du Seuil,$ccopyr. 1964. 300 $a220 p. ;$c19 cm. 500 $aContiene : Note bibliographique. 600 14$aFoucauld, Charles : de .$0(OLS)http://semarc/subject/3556 700 1 $aLafon, Michel.$0(OLS)http://semarc/name/31802 850 $aSeMil 852 $aSeMil$W1$xVenegono$y1$m3F V 618$j29039$B29039$CSeMilBibl$Z2$F29042 $81 961 $aOmaggio: Oggioni don Costantino 996 $6245$aLe temps de Nazareth :$bmystique d'une vocation$9(OLS)http://semarc/title/99079 996 $6260$aParis :$bEd. du Seuil$9(OLS)http://semarc/publisher/30152 LEADER 01147nam a2200277 4500 001 000000366097 003 CaOOAMICUS 005 20260122163151.0 008 260121s2016 it 000 u ita r 020 $a978-88-6889-336-1 040 $aSeMil$bita 100 1 $aLeo : Diaconus,$d.$0(OLS)http://semarc/name/123620 240 10$aHistoriae.$0(OLS)http://semarc/title/36333 245 10$aStoria /$cLeone Diacono ; a cura di Giacinto Agnello. 264 1$aPalermo :$bPalumbo,$c2016. 300 $a301 p. ;$c22 cm 650 4$aCiviltà bizantina.$0(OLS)http://semarc/subject/3020 650 4$aImpero romano d'Oriente <395-1453> - Storia.$0(OLS)http://semarc/subject/58033 700 1 $aAgnello, Giacinto.$0(OLS)http://semarc/name/123621 850 $aSeMil 852 $aSeMil$W1$xVenegono$y1$m3T III 78$j266549$B256865$CSeMilBibl$Z2$F256865 $81 961 $aBrambilla don Paolo - Omaggio 996 $6020$a978-88-6889-336-1$9(OLS)http://semarc/number/305113 996 $6245$aStoria$9(OLS)http://semarc/title/11429 996 $6264$aPalermo :$bPalumbo$9(OLS)http://semarc/publisher/30370